| 000 | 00425nam a2200133 a 4500 | ||
|---|---|---|---|
| 001 | 000039007 | ||
| 005 | 20201002031445.0 | ||
| 008 | 130513s20uu dr 000 0 spa d | ||
| 040 |
_aDO-SdBNP _bspa _cBNPHU |
||
| 245 | 0 | 0 | _aReglamentos, resoluciones y normas sobre fideicomiso /. |
| 246 | 1 | 4 | _aReglamentos, resoluciones y normas sobre fideicomiso |
| 260 |
_aSanto Domingo : _bEditora Dalis, _c20uu. |
||
| 300 |
_a280 p. ; _c23 cm. |
||
| 999 |
_c38497 _d38497 |
||